| 000 | 00670cai a22001935a 4500 | ||
|---|---|---|---|
| 001 | L155076 | ||
| 008 | 120228u2011 pl g 000 0 eng d | ||
| 035 | _a(Sirsi) u155076 | ||
| 041 | 0 | _aeng | |
| 110 | 2 | _aInstituto Nacional de Estatistica | |
| 245 | 0 | 0 |
_aStatistics Portugal _h[electronic resource] |
| 520 | _aBuilding and housing statistics for Portugal. | ||
| 590 | _aKA | ||
| 650 | 2 | 4 | _aBUILDING COST INDEX |
| 651 | 4 | _aPortugal | |
| 690 |
_aCost management _96233 |
||
| 856 | 4 | 0 |
_uhttps://www.ine.pt/xportal/xmain?xpid=INE&xpgid=ine_publicacoes&PUBLICACOESpub_boui=123674788&PUBLICACOEStema=5414344&PUBLICACOESmodo=2 _zView the site at www.ine.pt |
| 942 | _n0 | ||
| 999 |
_c120956 _d120956 |
||